000 00660nam a2200277Ia 4500
005 20260401125713.0
008 008 300114s9999 xx 000 0 eng d
020 _a9788122481341
037 _aEBOOK
040 _aCRL
040 _beng
040 _cCRL
041 _2eng
041 _aeng
084 _qCRL
100 _aSrinivasan, M.R.
_91233874
245 0 _aApplied Solid State Physics: A Textbook on Materials Science
250 _a2
260 _bNew Age
260 _c2026
650 _aPhysics
856 _uhttps://digital.elib4u.com/product-details/651788
942 _cEBOOK
999 _c1847705
_d1847705